Statistics for USA States in Alphabetical Order

Click here to take the quiz!

General Stats

  • This quiz has been taken 136,591 times
  • The average score is 35 of 50

Answer Stats

State % Correct
AAlabama
98%
AAlaska
92%
GGeorgia
89%
AArkansas
89%
FFlorida
89%
DDelaware
88%
CCalifornia
86%
HHawaii
86%
KKansas
85%
KKentucky
85%
AArizona
85%
IIndiana
84%
CColorado
83%
IIllinois
82%
LLouisiana
82%
CConnecticut
81%
IIowa
81%
IIdaho
81%
MMaine
78%
MMaryland
70%
RRhode Island
70%
UUtah
70%
OOhio
68%
PPennsylvania
68%
VVermont
67%
OOregon
66%
VVirginia
66%
TTennessee
65%
MMassachusetts
65%
SSouth Dakota
64%
SSouth Carolina
64%
TTexas
63%
WWashington
63%
WWyoming
63%
NNebraska
63%
NNew York
61%
MMichigan
61%
MMontana
61%
NNorth Dakota
59%
OOklahoma
59%
WWest Virginia
59%
NNorth Carolina
58%
NNew Jersey
58%
NNew Hampshire
58%
NNevada
58%
NNew Mexico
57%
MMississippi
57%
MMinnesota
57%
MMissouri
55%
WWisconsin
53%

Score Distribution

Percentile by Number Answered

Percent of People with Each Score

Your Score History

You have not taken this quiz